000 00509nam a22001937a 4500
003 MPLRDC
005 20220104142426.0
008 210129b ||||| |||| 00| 0 eng d
020 _a957-9278-64-4
082 _a881.159 JAN v.2
100 _aGOVE JANSSON
245 _a姆米谷的彗星
_c李俊秀译
250 _a初版一刷
260 _a
_b小知堂文化事业有限公司
_c1993
300 _b
490 _a杨笙作品集. 2
650 _a北欧各国文学
942 _cBK
_o881.159 JAN v.2
999 _c30813
_d30803